Follow That Line: Friends II Quiz Stats

 Plays Quiz Updated May 12, 2015

Score 0/30 Timer 09:00
72 Plays Today
% Correct
That's funny, 'cause I was thinking you look more like Joey Tribbiani, man slash woman.
94.3%
It's never taken you more than a shower to get over a relationship.
93.6%
Sidney Poitier?
93.5%
Oh yeah? Then who's the guy who painted all the faces on the mountain?
93.5%
Well, grandma's gonna have to get in line.
93.4%
Oh, that's sweat. You throw up all morning, and you'll have that glow, too.
93.4%
Shut up! Shut up! SHUT UP!
93.4%
I am so glad you said 'cooks'.
93.1%
Don't you have a little too much penis to be wearing a dress like that?
93%
Please, that's the pervert motto. They have you raise your right hand, put your left hand in your pants and say that.
93%
Bravo, Dennis. Thanks for pleasing my mother so.
92.8%
And the inventor of the door rests happily in his grave.
92.1%
So when you said, 'Get up early ', did you mean 1986?'
92%
That's 'help' spelled backwards, so that the helicopters can read it from the air.
92%
Oh, my God, that is so not the opposite of taking someone's underwear.
91.2%
% Correct
And yet I never run into Beyoncé.
91.1%
That was five years ago.
91%
Well you should meet my uncle, Bada.
90.5%
Well, I thought if I littered, the crying Indian might come by and save us.
90.5%
Of course there they'd just call it food.
90.1%
Oh, tons. I'm quite the woodsman.
88.6%
I know, it looks like you slept with a hanger in your mouth.
87.9%
Your fly's open, Geller.
87.7%
Well I'm guessing he wants to do a little dance... You know make a little love... Well pretty much get down tonight.
85.5%
It's an electric drill! You get me, you kill me!
84.7%
Uh huh! Join me, won't you?
82%
Well, excuse me but in high school that made me head cheerleader.
81.2%
You should be. I'm very bendy.
80.5%
Depends on what you mean by 'we'.
78.4%
Because the kids need new shoes.
78.2%

You're not logged in!

Compare scores with friends on all Sporcle quizzes.
OR
Log In

Show Comments

Extras

Top Quizzes Today


Score Distribution

Your Account Isn't Verified!

In order to create a playlist on Sporcle, you need to verify the email address you used during registration. Go to your Sporcle Settings to finish the process.

Report this User

Report this user for behavior that violates our Community Guidelines.

Details: